00613cam a2200181u 450000100100000000500170001000800410002701000130006804000240008104300120010505000220011710000410013924500570018026000410023730000510027865000420032983000600037100000137020200929145545.0841025s1960 gw abf 000 0 ger  a70248203 aDO-SdBNPcCarPdDLC as-pe---00aF3429.3.F65bH6151 aHorkheimer, Hans. [from old catalog]10aNahrung und Nahrungsgewinnung im vorspanischen Peru. aBerlin, :bColloquium Verlag,c1960. a155 p. :billus., plates, fold. map. ;c21 cm. 0aIndians of south americaxFoodzPeru. 0aBibliotheca Ibero-americana, Bd.v2. [from old catalog]